Number 10s in the EPL - Statistics

General Stats
  • This quiz has been taken 30 times
    17 since last reset
  • The average score is 6 of 19
Answer Stats
Team Answer % Correct
Manchester United Marcus Rashford
76%
Liverpool Alexis Mac Allister
71%
Manchester City Jack Grealish
59%
Tottenham Hotspur James Maddison
59%
Newcastle United Anthony Gordon
53%
Crystal Palace Eberechi Eze
53%
Nottingham Forest Morgan Gibbs-White
47%
Arsenal Emile Smith Rowe
41%
West Ham United Lucas Paquetá
35%
Aston Villa Emiliano Buendía
29%
Chelsea Mykhailo Mudryk
29%
Fulham Tom Cairney
29%
Brighton & Hove Albion Julio Enciso
18%
Bournemouth Ryan Christie
18%
Luton Town Cauley Woodrow
6%
Brentford Josh Dasilva
6%
Everton Arnaut Danjuma
0%
Sheffield United Cameron Archer
0%
Burnley Manuel Benson
0%
No matching quizzes found
Score Distribution
Percent of People with Each Score
Percentile by Number Answered
Your Score History
You have not taken this quiz since the last reset